Edward IV /
Though in his own time Edward IV was popularly seen as an able and successful king who rescued England from the miseries of civil war and provided the country with firm, judicious and popular government, later historians cast doubt on his achievement. This classic study - now reissued with a substan...
Saved in:
| Main Author: | |
|---|---|
| Format: | Book |
| Language: | English |
| Published: |
New Haven :
Yale University Press,
1997.
|
| Series: | Yale English monarchs.
|
| Subjects: | |
| Tags: |
Add Tag
No Tags, Be the first to tag this record!
|
| LEADER | 02075nam a2200349Ia 4500 | ||
|---|---|---|---|
| 001 | 007701030-2 | ||
| 005 | 20020606104010.5 | ||
| 008 | 980402r19971974ctuab b 001 0beng d | ||
| 010 | |a 97061404 | ||
| 020 | |a 0300073720 (pbk.) | ||
| 020 | |a 0300073712 (hbk.) | ||
| 035 | 0 | |a ocm38886953 | |
| 040 | |a NJB |c NJB |d HLS | ||
| 043 | |a e-uk--- | ||
| 050 | 0 | 0 | |a DA258 |b .R67 1997 |
| 100 | 1 | |a Ross, Charles, |d 1924-1986. | |
| 245 | 1 | 0 | |a Edward IV / |c Charles Ross. |
| 246 | 1 | 0 | |a Edward the Fourth |
| 260 | |a New Haven : |b Yale University Press, |c 1997. | ||
| 300 | |a xxx, 479 p. : |b ill., maps ; |c 24 cm. | ||
| 490 | 1 | |a Yale English monarchs | |
| 500 | |a Originally published: Great Britain : Eyre Methuen Ltd., 1974. | ||
| 504 | |a Includes bibliographical references (p. [443]-456) and index. | ||
| 505 | 0 | |a The road to the throne -- The first reign, 1461-1471 -- The second reign, 1471-1483 -- The governance of England -- Appendices. | |
| 520 | |a Though in his own time Edward IV was popularly seen as an able and successful king who rescued England from the miseries of civil war and provided the country with firm, judicious and popular government, later historians cast doubt on his achievement. This classic study - now reissued with a substantial new foreword by R. A. Griffiths - places the reign firmly in the context of late-medieval power politics, assessing the king's relations with the politically-active classes, and evaluating the many innovations in government on which Edward's reputation rests. Revealing the king as an enigmatic character intelligent, active and forceful, but also pleasure-loving and, in his later years, increasingly arbitrary and avaricious, Ross endorses Edward as a ruler of substantial accomplishment, whose methods and policies carved the foundation of early Tudor government. | ||
| 600 | 0 | 0 | |a Edward |b IV, |c King of England, |d 1442-1483. |
| 651 | 0 | |a Great Britain |x Politics and government |y 1461-1483. | |
| 655 | 7 | |a History |2 fast | |
| 655 | 7 | |a Biography. |2 fast | |
| 830 | 0 | |a Yale English monarchs. | |
| 988 | |a 20020608 | ||
| 906 | |0 OCLC | ||


